| 000 | 00482pab a2200181 454500 | ||
|---|---|---|---|
| 008 | 180718b2015 xxu||||| |||| 00| 0 eng d | ||
| 100 | _aBhan, Gautam | ||
| 245 | _aReading spatial inequality in urban India | ||
| 260 | _c2015 | ||
| 300 | _ap.49-54. | ||
| 362 | _a30 May | ||
| 650 | _aUrban development - India | ||
| 650 | _aSocial inequality - India | ||
| 650 | _aSocial inequality | ||
| 700 | _aJana, Arindam | ||
| 773 | _aEconomic and Political Weekly | ||
| 909 | _a108637 | ||
| 999 |
_c108632 _d108632 |
||